00325nam a2200121Ia 4500008004100000041001200041082001600053100002000069245004100089260004900130300000800179650001600187221030s9999 xx 000 0 und d aEnglish a105.23bRav aD. Ravichandran 0aProgramming in Ccby D. Ravichandran bNew Age International Pub.aNew Delhic2005 a463 aBE Computer